| 000 | 00966nam a22002778a 4500 | ||
|---|---|---|---|
| 001 | 016162595 | ||
| 003 | OSt | ||
| 005 | 20150112140019.0 | ||
| 008 | 120830r20122007xxka fr2 f001 0 eng d | ||
| 020 | _a9781107411821 (pbk.) | ||
| 020 | _a1107411823 (pbk.) | ||
| 040 |
_aStDuBDS _beng _cStDuBDS _dEG-ScBUE |
||
| 082 | 0 | 0 |
_a621.3822 _222 _bOWE |
| 100 | 1 |
_aOwen, Mark _937107 |
|
| 245 | 1 | 0 |
_aPractical signal processing / _cMark Owen. |
| 250 |
_a1st ed., _breprinted. |
||
| 260 |
_aCambridge, United Kingdom ; _aNew York, United States : _bCambridge University Press, _c2007. |
||
| 300 |
_ax, 336 p. : _bill. ; _c25 cm. |
||
| 500 | _aIndex : p. 329-336. | ||
| 500 | _aReprint of the 2007 ed. | ||
| 650 | 0 |
_aSignal processing _xDigital techniques _923318 |
|
| 650 | 0 |
_aSignal processing _xDigital techniques _vProblems, exercises, etc. _937108 _yProblems, exercises, etc. |
|
| 653 |
_bENGELC _cJanuary2015 |
||
| 655 |
_vreading book _934232 |
||
| 942 |
_2ddc _k621.3822 OWE |
||
| 999 |
_c18856 _d18828 |
||